| 000 | 00675nam a22002057a 4500 | ||
|---|---|---|---|
| 003 | BD-DhUL | ||
| 005 | 20160921180754.0 | ||
| 008 | 160113s? bg ||||| |||| 00| 0 ben | ||
| 020 | _a9847002201247 | ||
| 040 |
_aBD-DhUL _cBD-DhUL |
||
| 082 |
_a954.92 _bOLJ |
||
| 100 | 1 | _aআহাদ, অলি | |
| 245 |
_aজাতীয় রাজনীতি ১৯৪৫-৭৫ / _cঅলি আহাদ |
||
| 260 |
_aঢাকা : _bবর্ণরুপা , _c?. |
||
| 300 |
_a৫৭০ পৃ. ; _c২১ সেমি. |
||
| 365 |
_aটাকা _b৩০০ |
||
| 650 | _aবাংলাদেশ- ইতিহাস | ||
| 651 | 0 | _aBangladesh-History | |
| 942 |
_2ddc _cBK |
||
| 999 |
_c105296 _d105296 |
||